000 00224nam a22000857a 4500
008 170617b xxu||||| |||| 00| 0 eng d
100 _93501
_aRao. I
245 _aLearning science biology & life
260 _aNew Delhi
_bN. B. T
_c2006
999 _c6885
_d6885